Statistiken für Beste Champions League Torschützen AC Mailand

Klicken Sie hier um das Quiz zu spielen!

Allgemein

  • Dieses Quiz wurde 140 mal gespielt
    (36 seit der letzten Aktualisierung)
  • Das Durchschnittsergebnis liegt bei 17 aus 30

Antwortstatistiken

SaisonNationalitätToreSpieler% Korrekt
2012/13Schweden3Zlatan Ibrahimović
100%
2010/11Schweden4Zlatan Ibrahimović
100%
2011/12Schweden5Zlatan Ibrahimović
100%
2022/23Frankreich5Olivier Giroud
86%
2000/01Ukraine5Andriy Shevchenko
82%
2003/04Ukraine4Andriy Shevchenko
82%
2004/05Ukraine6Andriy Shevchenko
82%
2005/06Ukraine9Andriy Shevchenko
82%
2007/08Italien4Filippo Inzaghi
82%
2002/03Italien10Filippo Inzaghi
82%
2003/04Brasilien4Kaká
68%
2006/07Brasilien10Kaká
68%
2013/14Brasilien2Kaká
68%
1992/93Niederlande6Marco van Basten
68%
2021/22Portugal1Rafael Leão
68%
2009/10Brasilien3Ronaldinho
68%
2021/22Kroatien1Ante Rebić
61%
2021/22England1Fikayo Tomori
54%
2023/24Nigeria2Samuel Chukwueze
54%
2013/14Japan2Keisuke Honda
43%
1999/00Deutschland2Oliver Bierhoff
39%
2021/22Spanien1Brahim Díaz
36%
2004/05Argentinien6Hernán Crespo
25%
2021/22Brasilien1Junior Messias
25%
1993/94Frankreich4Jean-Pierre Papin
14%
2013/14Italien2Mario Balotelli
14%
1993/94Italien4Daniele Massaro
7%
2010/11Italien4Marco Borriello
4%
1996/97Italien4Marco Simone
4%
1994/95Italien4Marco Simone
4%

Verteilung der Resultate

Perzentil nach korrekt beantworteten Fragen

Anzahl Personen mit jedem Resultat

Ihre Resultats-Entwicklung

Sie haben dieses Quiz seit der letzten Aktualisierung nicht gespielt